000 00608nam a2200229Ia 4500
003 OSt
005 20221007070219.0
006 a|||||r|||| 00| 0
007 ta
008 221006b |||||||| |||| 00| 0 eng d
024 _a16,246
037 _cTextual
040 _aFLL
_cFLL
_beng
041 _2eng
_aeng
082 _aX8(A).1.N7, M1
100 _aPlant Robert
_9267830
245 0 _aIndustries in trouble
260 _aGeneva
_bInternational Labour Office Geneva
_c1981
300 _a178p
_ccm.
942 _hX8(A).1.N7, M1
_cTEXL
_2CC
999 _c1139812
_d1139812